| Tag |
First Indicator |
Second Indicator |
Subfields |
| LEADER |
00000cam a22000007a 4500 |
| 001 |
in00000005387 |
| 005 |
20150929090035.0 |
| 008 |
990830s1999 xxu f000 0 eng |
| 035 |
|
|
|a (OCoLC)
|
| 035 |
|
|
|a tmp97229122
|
| 035 |
|
|
|9 AJK2979AM
|
| 040 |
|
|
|a MvI
|c MvI
|d UtOrBLW
|
| 049 |
|
|
|a ROMS
|
| 074 |
|
|
|a 0325
|
| 086 |
0 |
|
|a D 101.2:IN 8/12/998/CD
|
| 245 |
0 |
4 |
|a The Military Intelligence Story, A Photographic History, Etc., February 1998, (CD-ROM).
|
| 264 |
|
1 |
|a [Place of publication not identified] :
|b [publisher not identified],
|c [1999?]
|
| 336 |
|
|
|a text
|b txt
|2 rdacontent
|
| 337 |
|
|
|a unmediated
|b n
|2 rdamedia
|
| 338 |
|
|
|a volume
|b nc
|2 rdacarrier
|
| 500 |
|
|
|a Shipping List #: 99-0065-E
|
| 500 |
|
|
|a Shipping List Date: 08/24/99
|
| 710 |
1 |
|
|a United States.
|b Department of the Army.
|
| 999 |
|
|
|a MARS
|
| 999 |
f |
f |
|s a28627a7-22b1-3edc-bd8f-2c33f6c934ef
|i c18352f8-53ab-3384-839b-cbdc6bfee73d
|t 0
|
| 952 |
f |
f |
|p normal
|a Texas A&M University
|b College Station
|c Sterling C. Evans Library
|d Evans: US Documents CD-ROMs (Annex 5th floor)
|t 0
|e D 101.2:IN 8/12/998/CD
|h Superintendent of Documents classification
|i unmediated -- volume
|m A14824326051
|
| 998 |
f |
f |
|a D 101.2:IN 8/12/998/CD
|t 0
|l Evans: US Documents CD-ROMs (Annex 5th floor)
|